00746nam a2200193 a 45000010005000000030009000050080041000140200015000550400028000700820014000981100019001122450038001312600035001693000020002045050243002246500025004676500028004926500032005208017CO-ViMGA141112s2004 ck r 000 u spa d a9682802776 aCO-ViMGAbspacCO-ViMGA04a909 R313e aReade's Digest10aEscenas inolvidables del siglo XX aMexico Reader's Digest, c1998 a512.p.il.fotos. aAlbores de nuestro siglo Vientos de guerra Los alocados veinte Decenio de tiranos Suenos y pesadillas Decisiones de medio siglo Decada de la contracultura La Vorágine de los setenta El fín de las utopías En vispera del nuevo milenio14aCIENCIA - TECNOLOGIA14aCIVILIZACION - HISTORIA14aHISTORIA MODERNA - SIGLO XX